=LDR 00000nam 2200000 4500 =001 INLIS000000000009887 =005 20130612101642 =008 ***********************************Ind** =035 ##$$0010-061300000009887 =041 ##$$a Ind =082 ##$$a 371.14 =090 ##$$a 371.14, Tay e =100 ##$$a Tayibnapis, Farida Yusuf =245 ##$$a evaluasi program, Farida Yusuf Tayibnapis =260 ##$$a 2000 $b Jakarta =300 ##$$a xii, 195 hlm, 21 cm =650 ##$$a Pendidikan-Teknik Evaluasi =850 ##$$a NBPNMAT